Paroles - Gabrielle - Johnny Hallyday - Statistiques

Statistiques générales
  • Ce quiz a été pris 104 fois
  • Le résultat moyen est 173 sur 217
Statistiques - réponses
Réponse % Correct
à
100%
Gabrielle
100%
la
100%
Tu
99%
tu
99%
le
96%
de
94%
ma
94%
mon
94%
tes
93%
ton
93%
ce
91%
Et
91%
et
91%
je
91%
Je
91%
l'amour
88%
que
87%
brûles
85%
veux
85%
dans
84%
esprit
84%
J'ai
84%
jour
84%
ne
84%
qui
84%
yeux
84%
amour
82%
moi
82%
mourir
82%
peine
82%
un
82%
vie
82%
chaque
81%
d'amour
81%
Dix
81%
Oh
81%
pour
81%
voir
81%
ans
79%
enchaîné
79%
plus
79%
sans
79%
c'était
78%
chaîne
78%
place
78%
ta
78%
celui
76%
fini
76%
Fini
76%
nuit
76%
refusé
76%
une
76%
veut
76%
c'est
75%
lit
75%
chance
74%
forçat
74%
coeur
72%
l'enfer
72%
bonne
69%
étrangle
69%
partager
66%
soir
66%
sous
66%
autre
65%
chose
65%
comme
65%
cris
65%
douceur
65%
illusion
65%
image
65%
meurs
65%
Car
62%
Avec
60%
mains
60%
sang
60%
chantes
59%
d'une
59%
faire
59%
enfant
57%
sais
57%
voix
57%
espoir
56%
glaces
56%
laquelle
53%
chair
51%
mais
50%
vraiment
50%
l'esclave
49%
serai
49%
t'enfuis
47%
devient
46%
entendre
46%
m'essouffler
40%
confonds
35%
tournes
35%
dos
34%
t'expliquer
26%
flottes
24%
t'approcher
19%
Aucun quiz correspondant
Distribution des résultats
% des personnes avec chaque résultat
Percentile par nombre de réponses
Votre historique - résultats
Vous n’avez pas pris ce quiz